| 000 | 00710cam a22002174a 4500 | ||
|---|---|---|---|
| 020 | _a0764525026 (pbk.) | ||
| 040 | _cDLC | ||
| 082 | 0 | 0 | _a005 WIl 2003 A002 Or. |
| 100 | 1 | _aChirillo, John, | |
| 245 | 1 | 0 | _aImplementing biometric security / |
| 260 |
_aIndianapolis, IN : _bWiley Pub., _c2003. |
||
| 300 |
_axvii, 414 p. : _bill. ; _c24 cm. |
||
| 500 | _aIncludes index. | ||
| 650 | 0 | _aBiometric identification. | |
| 650 | 0 | _aSecurity systems. | |
| 700 | 1 | _aBlaul, Scott. | |
| 856 | 4 | 2 | _uhttp://www.loc.gov/catdir/bios/wiley045/2003104778.html |
| 856 | 4 | 2 | _uhttp://www.loc.gov/catdir/description/wiley039/2003104778.html |
| 856 | 4 | 1 | _uhttp://www.loc.gov/catdir/toc/wiley032/2003104778.html |
| 942 | _cEK | ||
| 999 |
_c17149 _d17149 |
||